[Event "POL-chT"]
[Site "Poland"]
[Date "2017.10.01"]
[Round "6.1"]
[White "Gmaj, Krzysztof"]
[Black "Bartel, Mateusz"]
[Result "0-1"]
[WhiteElo "2135"]
[BlackElo "2637"]
[PlyCount "94"]
[EventDate "2017.05.05"]
[EventType "team-tourn"]
[EventRounds "9"]
[EventCountry "POL"]
[SourceTitle "EXT 2018"]
[Source "ChessBase"]
[SourceDate "2017.10.13"]
[SourceVersion "1"]
[SourceVersionDate "2017.10.13"]
[SourceQuality "1"]
[WhiteTeam "Dabrowa Gornicza Zaglebie"]
[BlackTeam "Wroclaw Polonia"]
[WhiteTeamCountry "POL"]
[BlackTeamCountry "POL"]

1. d4 Nf6 2. Bf4 g6 3. e3 Bg7 4. h3 0-0 5. Nf3 c5 6. c3 b6 7. Be2 Bb7 8. 0-0 d5 9. Nbd2 Nfd7 10. Bg3 Nc6 11. a4 Re8 12. Re1 Rc8 13. Bd3 e5 14. dxe5 Ndxe5 15. Nxe5 Bxe5 16. Bxe5 Nxe5 17. Nf3 Nxd3 18. Qxd3 a5 19. Red1 Qf6 20. Nh2 h5 21. Nf3 Re4 22. Nd2 Re5 23. f4 Re7 24. Nf3 d4 25. exd4 Qxf4 26. d5 Re3 27. Qf1 Rce8 28. c4 Bc8 29. h4 Bf5 30. Ra3 Rxa3 31. bxa3 Qe3+ 32. Qf2 Qxa3 33. Re1 Qxa4 34. Ne5 Qc2 35. d6 Qxf2+ 36. Kxf2 f6 37. Nc6 Rxe1 38. Kxe1 Kf7 39. Ne7 Be4 40. Nc8 Ke6 41. g3 Bc6 42. Kd2 g5 43. Ke3 gxh4 44. gxh4 a4 45. Kd3 Kd7 46. Nxb6+ Kxd6 47. Nc8+ Kd7 0-1

[Event "POL-chT 1st League"]
[Site "Jastrzebia Gora"]
[Date "2015.09.08"]
[Round "4.5"]
[White "Gmaj, Krzysztof"]
[Black "Barwinski, Dionizy"]
[Result "1-0"]
[WhiteElo "2183"]
[BlackElo "2065"]
[PlyCount "81"]
[EventDate "2015.09.05"]
[EventType "team-tourn"]
[EventRounds "9"]
[EventCountry "POL"]
[SourceTitle "EXT 2016"]
[Source "ChessBase"]
[SourceDate "2015.10.08"]
[SourceVersion "1"]
[SourceVersionDate "2015.10.08"]
[SourceQuality "1"]
[WhiteTeam "Dabrowa Gornicza Zaglebie"]
[BlackTeam "Pultusk Nadnarwianka"]
[WhiteTeamCountry "POL"]
[BlackTeamCountry "POL"]

1. e4 c6 2. Nc3 d5 3. Qf3 dxe4 4. Nxe4 e6 5. Ne2 Nd7 6. N2g3 Ngf6 7. d4 Be7 8. Bd3 Nxe4 9. Nxe4 Nf6 10. c3 0-0 11. 0-0 Re8 12. Bf4 Nxe4 13. Qxe4 g6 14. Rfe1 Qd5 15. Qe2 Bf6 16. Be4 Qa5 17. Bf3 Bd7 18. a3 Rad8 19. Rad1 Bc8 20. h3 h5 21. Be5 Bxe5 22. dxe5 Rxd1 23. Rxd1 Rd8 24. Rd6 Rxd6 25. exd6 Bd7 26. Qe3 b6 27. b4 Qf5 28. c4 Qf6 29. b5 cxb5 30. c5 bxc5 31. Qxc5 Qd8 32. Qxa7 f5 33. Qb7 Qe8 34. h4 e5 35. Bd5+ Kf8 36. Kf1 e4 37. Qa7 Qe5 38. Qxd7 Qa1+ 39. Ke2 Qb2+ 40. Ke3 Qc1+ 41. Kd4 1-0

[Event "POL-chT 2nd League"]
[Site "Lazy"]
[Date "2012.09.01"]
[Round "1"]
[White "Orzechowski, Jacek"]
[Black "Gmaj, Krzysztof"]
[Result "0-1"]
[WhiteElo "2228"]
[BlackElo "2152"]
[PlyCount "56"]
[EventDate "2012.09.01"]
[EventType "team-swiss"]
[EventRounds "9"]
[EventCountry "POL"]
[SourceTitle "EXT 2019"]
[Source "ChessBase"]
[SourceDate "2018.10.10"]
[SourceVersion "1"]
[SourceVersionDate "2018.10.10"]
[SourceQuality "1"]
[WhiteTeam "Raciborz Silesia"]
[BlackTeam "Dors"]
[WhiteTeamCountry "POL"]
[BlackTeamCountry "POL"]

1. c4 e6 2. g3 d5 3. Bg2 Nf6 4. Nf3 Be7 5. 0-0 0-0 6. d4 c6 7. Nc3 Nbd7 8. Nd2 b6 9. e4 dxe4 10. Ndxe4 Bb7 11. Qc2 Nxe4 12. Nxe4 c5 13. dxc5 bxc5 14. Nf6+ Bxf6 15. Bxb7 Rb8 16. Be4 h6 17. Rb1 Bd4 18. Qa4 Nf6 19. Bf3 Qc7 20. b3 e5 21. Bd2 Rfe8 22. Rfe1 Re7 23. Rbd1 Rbe8 24. Ba5 Qc8 25. Qc6 Qf5 26. Re2 e4 27. Bg2 Ng4 28. Rf1 Nxh2 0-1

[Event "Chorzow op"]
[Site "Chorzow"]
[Date "2008.03.30"]
[Round "4"]
[White "Pietrzak, Janusz"]
[Black "Gmaj, Krzysztof"]
[Result "1/2-1/2"]
[WhiteElo "2065"]
[BlackElo "2129"]
[PlyCount "31"]
[EventDate "2008.03.29"]
[EventType "swiss"]
[EventRounds "9"]
[EventCountry "POL"]
[SourceTitle "EXT 2010"]
[Source "ChessBase"]
[SourceDate "2010.11.25"]
[SourceVersion "1"]
[SourceVersionDate "2010.11.25"]
[SourceQuality "1"]

1. g4 d5 2. g5 e5 3. d3 Nc6 4. Bg2 Be6 5. e4 Bc5 6. Nc3 Nge7 7. h4 Qd7 8. a3 a5 9. Nh3 Bg4 10. f3 Be6 11. Bd2 dxe4 12. Nxe4 Bb6 13. Nhf2 Nd5 14. Qc1 Nd4 15. c4 Nf4 16. Bxf4 1/2-1/2

[Event "POL-chT3 Slaskie"]
[Site "Poland"]
[Date "2008.03.02"]
[Round "6.72"]
[White "Surman, Martin"]
[Black "Gmaj, Krzysztof"]
[Result "1/2-1/2"]
[WhiteElo "2104"]
[BlackElo "2129"]
[PlyCount "49"]
[EventDate "2008.02.03"]
[EventType "team-swiss"]
[EventRounds "9"]
[EventCountry "POL"]
[SourceTitle "EXT 2019"]
[Source "ChessBase"]
[SourceDate "2018.10.10"]
[SourceVersion "1"]
[SourceVersionDate "2018.10.10"]
[SourceQuality "1"]

1. e4 e5 2. Nf3 Nc6 3. Bc4 Nf6 4. Nc3 Nxe4 5. Nxe4 d5 6. Bd3 dxe4 7. Bxe4 Bd6 8. d4 Nxd4 9. Nxd4 exd4 10. Qxd4 0-0 11. Be3 Re8 12. Bf3 Qe7 13. 0-0 Be5 14. Qd3 Be6 15. c3 c6 16. Rfd1 Rad8 17. Qf1 Qc7 18. g3 a6 19. Qe2 Rxd1+ 20. Qxd1 Rd8 21. Qc2 f6 22. a3 Rd7 23. Rd1 Qd8 24. Rxd7 Qxd7 25. Qd2 1/2-1/2

[Event "POL-chT3 Slaskie"]
[Site "Poland"]
[Date "2008.02.19"]
[Round "4.7"]
[White "Gmaj, Krzysztof"]
[Black "Oczkowski, Stanislaw"]
[Result "1/2-1/2"]
[WhiteElo "2129"]
[BlackElo "2074"]
[PlyCount "93"]
[EventDate "2008.02.03"]
[EventType "team-swiss"]
[EventRounds "9"]
[EventCountry "POL"]
[SourceTitle "EXT 2019"]
[Source "ChessBase"]
[SourceDate "2018.10.10"]
[SourceVersion "1"]
[SourceVersionDate "2018.10.10"]
[SourceQuality "1"]

1. e4 e5 2. Nf3 Nc6 3. Nc3 Nf6 4. Be2 d5 5. exd5 Nxd5 6. 0-0 Be7 7. d4 exd4 8. Nxd4 Nxd4 9. Qxd4 Nxc3 10. Qxc3 Bf6 11. Qg3 0-0 12. Bf4 c6 13. Rad1 Qa5 14. Bd6 Re8 15. Bc4 Be6 16. b4 Qh5 17. Bxe6 Rxe6 18. Bc5 Rae8 19. h3 b6 20. Be3 Qb5 21. Rd7 Qxb4 22. Rxa7 c5 23. Rd1 Qc3 24. Rd2 g6 25. Rdd7 R6e7 26. Rxe7 Qa1+ 27. Kh2 Rxe7 28. Bh6 Re8 29. Qb3 Qe5+ 30. f4 Qe6 31. Qxe6 fxe6 32. Rb7 Ra8 33. Rxb6 Rxa2 34. Rxe6 Kf7 35. Re2 Bd4 36. Bg5 Bf6 37. Kg3 Ra3+ 38. Kg4 Rc3 39. Rd2 Bd4 40. f5 h5+ 41. Kh4 Rc4 42. g4 hxg4 43. fxg6+ Kxg6 44. hxg4 Rc3 45. Re2 Rf3 46. Re5 Kf7 47. Re7+ 1/2-1/2

[Event "POL-chT3 Slaskie"]
[Site "Poland"]
[Date "2008.02.03"]
[Round "1.8"]
[White "Gmaj, Krzysztof"]
[Black "Dzierzak, Boguslaw"]
[Result "0-1"]
[WhiteElo "2129"]
[BlackElo "2190"]
[PlyCount "72"]
[EventDate "2008.02.03"]
[EventType "team-swiss"]
[EventRounds "9"]
[EventCountry "POL"]
[SourceTitle "EXT 2019"]
[Source "ChessBase"]
[SourceDate "2018.10.10"]
[SourceVersion "1"]
[SourceVersionDate "2018.10.10"]
[SourceQuality "1"]

1. e4 c5 2. c3 d5 3. exd5 Qxd5 4. d4 Nc6 5. Nf3 Bg4 6. Be2 e6 7. 0-0 Nf6 8. Be3 cxd4 9. Nxd4 Bxe2 10. Qxe2 Be7 11. Nd2 Nxd4 12. Bxd4 0-0 13. Nf3 Qh5 14. h3 Rfd8 15. Rad1 Qa5 16. a3 Rac8 17. Rd2 Qa4 18. Rfd1 b5 19. Ne5 Nd5 20. Qh5 Rf8 21. Nd7 Rfd8 22. Qg4 g6 23. Ne5 Bf6 24. Qf3 Qa6 25. Nxf7 Rf8 26. Bxf6 Rxf7 27. Rxd5 exd5 28. Qg4 Rxf6 29. Rxd5 Rcf8 30. Rd7 Qe6 31. Qd4 Qe1+ 32. Kh2 Qxf2 33. Qd5+ R8f7 34. Rd8+ Kg7 35. Ra8 Qf4+ 36. Kh1 Qd6 0-1

[Event "POL-chT3 Liga Slaska"]
[Site "Poland"]
[Date "2007.01.28"]
[Round "1"]
[White "Gmaj, Krzysztof"]
[Black "Drygalski, Wojciech"]
[Result "1-0"]
[WhiteElo "2136"]
[BlackElo "2189"]
[PlyCount "85"]
[EventDate "2007.01.28"]
[EventType "team-swiss"]
[EventRounds "9"]
[EventCountry "POL"]
[SourceTitle "EXT 2011"]
[Source "ChessBase"]
[SourceDate "2010.11.26"]
[SourceVersion "1"]
[SourceVersionDate "2010.11.26"]
[SourceQuality "1"]
[WhiteTeam "Dabrowa Gornicza Zaglebie"]
[BlackTeam "Niedobczyce Rymer"]
[WhiteTeamCountry "POL"]
[BlackTeamCountry "POL"]

1. e4 c6 2. Nf3 d5 3. exd5 cxd5 4. Ne5 Nf6 5. Bb5+ Nbd7 6. d4 a6 7. Bd3 Qb6 8. 0-0 Qxd4 9. Nxf7 Qh4 10. Bg5 Qb4 11. Nxh8 Qxb2 12. Nd2 g6 13. Nxg6 hxg6 14. Bxg6+ Kd8 15. Re1 Bg7 16. Nf3 Qb6 17. Rb1 Qd6 18. Bf5 Nc5 19. Ne5 Be6 20. Bxe6 Qxe6 21. Nd3 Nce4 22. f3 Qf5 23. Bxf6 Nxf6 24. Rxb7 Nd7 25. Qd2 Ke8 26. Qb4 Bf6 27. Qf4 Qxf4 28. Nxf4 Bc3 29. Re2 e5 30. Nxd5 Bd4+ 31. Kf1 Rd8 32. g4 Kf8 33. Nc7 Nc5 34. Rb6 Ke7 35. Nxa6 Ne6 36. Rb7+ Kf6 37. Nb4 Nf4 38. Nc6 Ra8 39. Nxd4 exd4 40. Rb6+ Kf7 41. Re5 Ng6 42. Rf5+ Kg7 43. Rg5 1-0